000 nam a22 a 4500
999 _c188487
_d188487
003 BLK
005 20221122135724.0
008 180411b bul|||||r ||||||| ||bul||
010 _aKNG00197505000
040 _aBLK
041 _aBUL
_cBUL
080 _aДетска литература. Литература за деца
_b82-93
_x(075.8)
_z82-93(075.8)
100 1 _aАтанасов, Жечо Господинов
_eпърви автор
_9364564
139 _aХристоматия по детска литература за институтите за детски учителки
_bХ 83
245 1 0 _aХристоматия по детска литература за институтите за детски учителки
_cЖечо Господинов Атанасов.
257 _aBGR
260 _bНар. просв.
_c1978
_f(Враца : В. Александров)
_aСофия
300 _a359 с.
_bс портр.
_c22 см
380 _a82
500 _aДруги авт.: Н. Ковачева-Вълчева, Т. Янчев, Б. Константинова, Хр. Манолов ; В кн. авт. Н. Ковачева-Вълчева означена Надежда Ковачева. - 20 084 тир.
650 4 _aЛитература, детска - учебници
_9287014
852 _aЦб 95975
_bЦб
856 _i0.00
_ldisable
942 _cKNG
_n0
_s1
944 _aCR
_c06.12.2016
_kНора_Радева
944 _aED
_c2022-11-22
_kРенета Константинова
999 _d188487